000 00373nam a2200145Ia 4500
008 211109s9999||||xx |||||||||||||| ||und||
082 _a791.43
_bPET-F
100 _aPetzold, Paul
245 0 _aFocal Guide to Moviemaking
260 _bFocal
_aLondon
_c2000
300 _a224p.
630 _xReference Reading Room
650 _aPublic Performances
_vArts
_xArts
942 _cBOOK
999 _c135
_d135